Normal view
MARC view
Entry Personal Name
001 - CONTROL NUMBER
- control field: 61495
003 - CONTROL NUMBER IDENTIFIER
- control field: dpl
005 - DATE AND TIME OF LATEST TRANSACTION
- control field: 20240131171609.0
008 - FIXED-LENGTH DATA ELEMENTS
- fixed length control field: 240131|| aca||aabn | a|a d
040 ## - CATALOGING SOURCE
- Original cataloging agency: dpl
- Transcribing agency: dpl
100 ## - HEADING--PERSONAL NAME
- Personal name: शर्मा,राकेश
670 ## - SOURCE DATA FOUND
- Source citation: Work cat.: (dpl)200474: शर्मा,राकेश , देश के गौरव भारत रतन/, 2021
